Miasta Afryki powyżej 1mln mieszkańców - Statystyki

Ogólne statystyki
  • Ten quiz został rozwiązany 96 razy
  • Średni wynik to 33 z 53
Statystyki odpowiedzi
Kraj Ludność Miasta Miasto % Poprawnych
Algieria 2 364 230 Algier
99%
Egipt 7 740 018 Kair
97%
Angola 5 172 900 Luanda
95%
Demokratyczna Republika Konga 7 273 947 Kinszasa
94%
Egipt 4 084 672 Aleksandria
93%
Senegal 2 396 800 Dakar
93%
Libia 2 220 000 Trypolis
93%
Sudan 1 410 858 Chartum
92%
RPA 1 763 336 Pretoria
91%
RPA 7 860 781 Johannesburg
90%
Nigeria 9 968 455 Lagos
90%
Kenia 3 133 518 Nairobi
90%
RPA 3 430 992 Kapsztad
88%
Etiopia 3 103 700 Addis Abeba
87%
Madagaskar 1 391 506 Antananarywa
87%
Maroko 3 357 173 Casablanca
87%
Ghana 2 291 352 Akra
84%
Uganda 1 659 600 Kampala
84%
Zimbabwe 1 468 767 Harare
83%
Somalia 1 628 170 Mogadiszu
83%
Nigeria 1 352 679 Abudża
81%
Zambia 1 747 152 Lusaka
81%
Czad 1 092 066 Ndżamena
79%
Tanzania 4 364 541 Dar es Salaam
77%
Niger 1 302 910 Niamey
77%
Mali 1 809 106 Bamako
76%
Kongo 1 373 382 Brazzaville
74%
Mozambik 1 094 628 Maputo
74%
Burkina Faso 2 200 000 Wagadugu
74%
Wybrzeże Kości Słoniowej 4 707 404 Abidżan
73%
Liberia 1 021 762 Monrovia
73%
Kamerun 1 817 524 Jaunde
70%
Gwinea 1 794 858 Konakry
66%
RPA 2 786 046 Durban
63%
Egipt 2 891 275 Giza
53%
Maroko 1 091 512 Fez
52%
Nigeria 2 376 372 Kano
51%
Nigeria 5 175 223 Ibadan
45%
Libia 1 001 000 Bengazi
42%
Kamerun 1 906 952 Duala
38%
Sudan 1 849 659 Omdurman
33%
Demokratyczna Republika Konga 1 283 380 Lubumbashi
26%
Nigeria 2 406 697 Benin
21%
Sudan 1 012 211 Chartum Północny
15%
Ghana 2 069 350 Kumasi
14%
Nigeria 2 100 711 Port Harcourt
9%
Nigeria 1 597 296 Aba
6%
Demokratyczna Republika Konga 1 213 726 Mbuji-Mayi
5%
Angola 1 100 000 Huambo
3%
Nigeria 2 061 175 Kaduna
3%
Nigeria 1 126 195 Maiduguri
2%
Egipt 1 025 569 Szubra-Al-Chajma
2%
Nigeria 1 084 681 Ilorin
1%
Nie znaleziono quizów pasujących do podanych kryteriów
Rozkład punktacji
Procent ludzi z każdym wynikiem
Percentyl według liczby udzielonych odpowiedzi
Twoja historia wyników
Nie rozwiązałeś tego quizu